000 01428cam a22003977a 4500
003 CHAP
005 20220817043452.0
008 980908d1994 mx r 00110 spa d
010 _a76136
011 _a77108
035 _a86710
040 _cCHAP
082 0 4 _a338.97252
_bC6 v.4
100 0 0 _aAldana Martínez, Gerardo.
_93683
245 1 0 _aSan Pablo Ixayoc :
_bun caso de proletarización incompleta
_c/por Gerardo Aldana Martínez
260 _aMéxico, D.F. :
_bUniversidad Iberoamericana,
_c1994.
300 _a124 p. :
_bcuadros
410 2 1 _aUniversidad Iberoamericana
490 0 _aColección Tepetlaostoc
_v; 4
590 _aBATCH-UPD
_b10
_c20130110
_lUCH01
_h0142
590 _aBATCH-UPD
_b10
_c20130110
_lUCH01
_h0745
590 _aBATCH-UPD
_b10
_c20130409
_lUCH01
_h2140
590 _aBATCH-UPD
_b10
_c20130410
_lUCH01
_h0628
590 _aBATCH-UPD
_b10
_c20130914
_lUCH01
_h0001
590 _aCONVERSION
_b10
_c20130109
_lUCH01
_h1342
650 1 4 _aBosques
_xTrabajadores.
_914400
650 1 4 _aCampesinado
_xMéxico (Edo.)
_918026
650 1 4 _aLeña.
_966051
810 2 1 _aUniversidad Iberoamericana
830 0 0 _aColección Tepetlaostoc
_v; 4
_924999
901 _aBK
905 _aGuadalupe Pinto C.
942 _cLIBRO
949 _a338.97252 C6 v.4
_bBC
_cESP
_d867101
_eESP
_gI.c/e
_h93511
_i86710
_sb
_t$55.00
949 _a338.97252 C6 v.4
_bBC
_cLIBRO
_d33724002061413
_eLIBRO
_fc.2
_gI.c/e
_h93512
_i86710
_si
_t$55.00
999 _c76136
_d76136